000 00915nac a22002897a 4500
001 BR8305928
003 BR-BrBNA
005 20240105115906.0
008 230509b bl.|||m| |||| 00| 0 por d
040 _aBR-BrBNA
_bpor
_cBiblioteca Nacional de Agricultura
072 _aL01; L02
090 _a5213 BR8305928
100 1 _aThiago, L.R.L. de
100 1 _aCosta, F.P.
110 1 _aCentro Nacional de Pesquisa de Gado de Corte, Campo Grande, MS (Brasil)
_91771
245 1 _aTerminacao de bovinos na entressafra
260 3 _aCampo Grande, MS (Brasil):
_c1983.
300 _a9 p.
490 _aComunicado Tecnico - Centro Nacional de Pesquisa de Gado de Corte (Brazil)
_vno. 22
_xISSN 0100-7807
500 _a5 tables
650 _aGADO DE CORTE
650 _aCONFINAMENTO
650 _aPERFORMANCE
650 _aCURRAL
909 _a202312
_bLúcia Elande
_c55
_dLúcia Elande
942 _2AGRIS
_n0
_cMS
999 _c276933
_d276933